Common UK City Names Quiz - Statistics

General Stats
  • This quiz has been taken 54 times
  • The average score is 3 of 23
Answer Stats
Number Answer % Correct
16 Newton
43%
12 Kingston
39%
17 Weston
34%
9 Burton
27%
15 Preston
25%
13 Norton
23%
10 Barton
14%
10 Milton
14%
17 Sutton
14%
18 Middleton
11%
14 Carlton
9%
12 Upton
9%
11 Walton
9%
8 Denton
7%
10 Leigh
7%
8 Marton
7%
9 Bradley
5%
8 Brampton
5%
11 Broughton
5%
12 Stanton
5%
10 Thornton
2%
9 Whitchurch
2%
8 Wootton
2%
No matching quizzes found
Score Distribution
Percent of People with Each Score
Percentile by Number Answered
Your Score History
You have not taken this quiz